|
|
|
|
| LEADER |
02921nam a22003853i 4500 |
| 001 |
EBC7100940 |
| 003 |
MiAaPQ |
| 005 |
20240729202203.0 |
| 006 |
m o d | |
| 007 |
cr cnu|||||||| |
| 008 |
240729s1951 xx o ||||0 ger d |
| 020 |
|
|
|a 9783428441020
|q (electronic bk.)
|
| 020 |
|
|
|z 9783428041022
|
| 035 |
|
|
|a (MiAaPQ)EBC7100940
|
| 035 |
|
|
|a (Au-PeEL)EBL7100940
|
| 035 |
|
|
|a (OCoLC)1347023438
|
| 040 |
|
|
|a MiAaPQ
|b eng
|e rda
|e pn
|c MiAaPQ
|d MiAaPQ
|
| 100 |
1 |
|
|a Albrecht, Gerhard.
|
| 245 |
1 |
4 |
|a Die Problematik der Vollbeschäftigung :
|b Verhandlungen Auf der Tagung des Vereins Für Socialpolitik in Bad Pyrmont 1950.
|
| 250 |
|
|
|a 1st ed.
|
| 264 |
|
1 |
|a Berlin :
|b Duncker & Humblot,
|c 1951.
|
| 264 |
|
4 |
|c {copy}1951.
|
| 300 |
|
|
|a 1 online resource (221 pages)
|
| 336 |
|
|
|a text
|b txt
|2 rdacontent
|
| 337 |
|
|
|a computer
|b c
|2 rdamedia
|
| 338 |
|
|
|a online resource
|b cr
|2 rdacarrier
|
| 490 |
1 |
|
|a Schriften des Vereins Für Socialpolitik Series
|
| 505 |
0 |
|
|a Intro -- Inhaltsverzeichnis -- Erster Tag -- Erster Tag. Sonnabend, 14. Oktober 1950 -- Professor Dr. Albrecht (Marburg/Lahn): Eröffnung und Begrüßung -- Die Problematik der Vollbeschäftigung -- Prof. Dr. Erich Schneider (Kiel): Der gegenwärtige Stand der Theorie der Beschäftigung -- Prof. Dr. Walther Hoffmann (Münster i. W.): Vollbeschäftigung als Problem der wachsenden Wirtschaft -- Nachmittagssitzung am 14. Oktober 1950 -- Prof. Dr. Theodor Wessels (Köln): Wirtschaftspolitik im Zeichen der Vollbeschäftigung -- I. -- II. -- III. -- IV. -- V. -- VI. -- Zweiter Tag -- Zweiter Tag. Sonntag, 15. Oktober 1950 -- Senator Prof. Dr. Karl Schiller (Hamburg): Vollbeschäftigung und Kreditpolitik -- I. -- II. -- III. -- Prof. Dr. Woldemar Koch (Berlin): Vollbeschäftigung und Finanzpolitik -- Nachmittagssitzung am 15. Oktober 1950 -- Prof. Dr. Heinrich Rittershausen (Mannheim): Vollbeschäftigung und Außenhandelspolitik -- 1. Vorführung der neuen Lehre -- 2. Dogmengeschichtliche Ursprünge -- 3. Kritik. -- 5. Die internationalen Beschlüsse und Denkschriften. -- 6. Die deutsche Sonderlage. -- 7. Marktkonforme Vollbeschäftigung international. -- Verzeichnis der Redner -- Mitgliederversammlung -- Geschäftliche Beschlüsse der Mitgliederversammlung.
|
| 588 |
|
|
|a Description based on publisher supplied metadata and other sources.
|
| 590 |
|
|
|a Electronic reproduction. Ann Arbor, Michigan : ProQuest Ebook Central, 2024. Available via World Wide Web. Access may be limited to ProQuest Ebook Central affiliated libraries.
|
| 655 |
|
4 |
|a Electronic books.
|
| 776 |
0 |
8 |
|i Print version:
|a Albrecht, Gerhard
|t Die Problematik der Vollbeschäftigung
|d Berlin : Duncker & Humblot,c1951
|z 9783428041022
|
| 797 |
2 |
|
|a ProQuest (Firm)
|
| 830 |
|
0 |
|a Schriften des Vereins Für Socialpolitik Series
|
| 856 |
4 |
0 |
|u https://ebookcentral.proquest.com/lib/matrademy/detail.action?docID=7100940
|z Click to View
|